North Carolina Geography Quiz - Sudden Death - Statistics

General Stats
  • This quiz has been taken 305 times
    163 since last reset
  • The average score is 14 of 20
Answers on the Grid
Answers color-coded by a green-red scale on the quiz's grid according to % correct below.
Albemarle Sound
Appalachian Mountains
Asheville
Atlantic Ocean
Blue Ridge Mountains
Blue Ridge Parkway
Brasstown Bald
Cape Cod
Cape Fear River
Cape Hatteras
Cape Lookout
Cascade Mountains
Charlotte
Chesapeake Bay
Delaware Bay
Fayetteville
Four Corners
Great Smoky Mountains National Park
Green Bay
Greensboro
Gulf of Mexico
Key West
Kitty Hawk
Lake Erie
Lake Pontchartrain
Mobile Bay
Mount Mitchell
Myrtle Beach
Neuse River
New England
Ocean City
Ohio River
Outer Banks
Pamlico Sound
Potomac River
Puerto Rico
Raleigh
Shenandoah Valley
Upper Penninsula
Wilmington
 
Answer Stats
Answer % Correct
Atlantic Ocean
94%
Asheville
91%
Appalachian Mountains
84%
Blue Ridge Mountains
83%
Charlotte
81%
Blue Ridge Parkway
75%
Cape Fear River
73%
Kitty Hawk
73%
Outer Banks
73%
Raleigh
71%
Cape Hatteras
70%
Fayetteville
68%
Greensboro
68%
Great Smoky Mountains National Park
66%
Albemarle Sound
64%
Wilmington
60%
Mount Mitchell
53%
Pamlico Sound
51%
Neuse River
48%
Cape Lookout
45%
No matching quizzes found
Score Distribution
Percent of People with Each Score
Percentile by Number Answered
Your Score History
You have not taken this quiz since the last reset